[Event "DSOL 06 Liga Gr-A 1st"]
[Site "Playchess.com INT"]
[Date "2020.07.24"]
[Round "5.3"]
[White "Broich, Rene"]
[Black "Wu, Sifan"]
[Result "0-1"]
[WhiteElo "1458"]
[BlackElo "1644"]
[PlyCount "56"]
[EventDate "2020.06.22"]
[EventType "team-tourn (rapid)"]
[EventCountry "GER"]
[SourceTitle "EXT 2021"]
[Source "ChessBase"]
[SourceDate "2020.10.23"]
[SourceVersion "1"]
[SourceVersionDate "2020.10.23"]
[SourceQuality "1"]
[WhiteTeam "Drewer SG"]
[BlackTeam "Oberursel II"]
[WhiteTeamCountry "GER"]
[BlackTeamCountry "GER"]

1. d4 Nf6 2. c4 g6 3. Nc3 d5 4. Nf3 Bg7 5. e3 0-0 6. cxd5 Nxd5 7. Bc4 Nxc3 8. bxc3 c5 9. Bb2 Nc6 10. 0-0 b6 11. Qe2 Na5 12. Bd3 Bb7 13. Rfd1 Qc7 14. Ba6 cxd4 15. Bxb7 dxc3 16. Bxa8 cxb2 17. Rab1 Rxa8 18. Nd4 Nc4 19. Qc2 Rc8 20. Qb3 h5 21. g3 h4 22. Nb5 Qb7 23. gxh4 Qe4 24. Qd3 Qg4+ 25. Kh1 Be5 26. Nxa7 Qh3 27. f4 Nxe3 28. Rg1 Qf3+ 0-1